| 000 | 00802nam a22002897a 4500 | ||
|---|---|---|---|
| 003 | CHAP | ||
| 005 | 20220329141603.0 | ||
| 008 | 971013s1961 r 00010 d | ||
| 010 | _a70560 | ||
| 011 | _a71532 | ||
| 035 | _a81086 | ||
| 040 | _cCHAP | ||
| 082 |
_a630.82 _bY68 v.21 |
||
| 100 | 0 | 0 |
_aEdwards, R. S. _935728 |
| 245 | _aFruit farming | ||
| 250 | _a3 ed. | ||
| 260 |
_aLondon : _bEvans, _c1961 |
||
| 300 |
_a47 p. _b: ilus. |
||
| 490 |
_aYong farmers' club booklet _v; 21 |
||
| 590 |
_aBATCH-UPD _b10 _c20130110 _lUCH01 _h0612 |
||
| 590 |
_aCONVERSION _b10 _c20130109 _lUCH01 _h1339 |
||
| 650 | 1 | 4 |
_aFruticultura. _943684 |
| 830 | 0 |
_aYong farmers' club booklet _v; 21 _9123169 |
|
| 901 | _aBK | ||
| 942 | _cLIBRO | ||
| 949 |
_a630.82 Y68 v.21 _bBC _cBPA _d-34248 _eBPA _h20202 _i81086 _si _t8.00 |
||
| 999 |
_c70560 _d70560 |
||